000 00279nam a22001337a 4500
008 170929b xxu||||| |||| 00| 0 eng d
020 _a9780072366846
041 _aeng
080 _a37
100 _a47
101 _aEDU
245 _aRULES THUMB
_cDIANA,R
942 _2udc
_cBK
999 _c30749
_d30749